000 00348nam a22001337a 4500
020 _qPB.
040 _cFIZZA ISHAQ
082 _a620.0042
_bFAN
100 _aFane, Bill
_975527
245 _aAutoCAD 2014 for Dummies /
_cBill Fane.
260 _aNew York:
_b For Dummies,
_c2014.
300 _a528 p. ;
_c 7.5 x 1.25 x 9.25 inches
942 _2ddc
_cBK
999 _c616473
_d616473